书目信息 |
| 题名: |
实用旅游英语口语教程
|
|
| 作者: | 丁树德 , 卢炜 编著 | |
| 分册: | ||
| 出版信息: | 天津 天津大学出版社 2003.06 |
|
| 页数: | 455页 | |
| 开本: | 20cm | |
| 丛书名: | ||
| 单 册: | ||
| 中图分类: | H319.9 | |
| 科图分类: | ||
| 主题词: | 英语 | |
| 电子资源: | ||
| ISBN: | 7-5618-1769-X | |
| 000 | 00606nam0 2200205 45 | |
| 001 | 0434366539 | |
| 005 | 2004051109324600 | |
| 010 | @a7-5618-1769-X@dCNY 20.00 | |
| 100 | @a20040511d2003 km y0chiy0120 ea | |
| 101 | 0 | @achi |
| 102 | @aCN@b120000 | |
| 200 | 1 | @a实用旅游英语口语教程@AShi Yong Lu You Ying Yu Kou Yu Jiao Cheng@f丁树德,卢炜编著@FDing Shu De,Lu Wei Bian Zhu |
| 210 | @a天津@c天津大学出版社@d2003.06 | |
| 215 | @a455页@d20cm | |
| 606 | 0 | @a英语 |
| 690 | @aH319.9@v3 | |
| 701 | 0 | @a丁树德@ADing Shu De@4编著 |
| 701 | 0 | @a卢炜@ALu Wei@4编著 |
| 801 | 0 | @aCN@bPFT@c20040511 |
| 905 | @dH319.9@eD560 | |
| 实用旅游英语口语教程/丁树德,卢炜编著.-天津:天津大学出版社,2003.06 |
| 455页;20cm |
| ISBN 7-5618-1769-X:CNY 20.00 |
| ● |
| 相关链接 |
|
|
|
正题名:实用旅游英语口语教程
索取号:H319.9/D560
 
预约/预借
| 序号 | 登录号 | 条形码 | 馆藏地/架位号 | 状态 | 备注 |
| 1 | 393300 | 203933002 | 语言库209/209语言库 29排1列3层/ [索取号:H319.9/D560] | 在馆 | |
| 2 | 393301 | 203933011 | 语言库209/209语言库 29排1列3层/ [索取号:H319.9/D560] | 在馆 | |
| 3 | 393302 | 203933020 | 语言库209/209语言库 29排1列3层/ [索取号:H319.9/D560] | 在馆 |